000 00783 a2200241 4500
005 20260423121604.0
008 260423b |||||||| |||| 00| 0 eng d
020 _a978-1-3503-3180-8 (hbk)
037 _cTB
040 _aCRL
_cCRL
041 _2eng
_aeng
084 _aR5 R3
_qCRL
245 _aApplying aesthetics to everyday life: methodologies, history and new directions
260 _aLondon, UK:
_bBloomsbury Academic,
_c2025.
300 _a198p.
365 _b28.99
_cGBP
650 _aPhilosophy
650 _aAesthetics
700 _aGiombini, Lisa
_eEditor
_91115817
700 _aKvokacka, Adrian
_eEditor
_91235497
942 _cTB
_2CC
_hR5 R3
999 _c1679671
_d1679671